| 000 | 00349nam a2200145Ia 4500 | ||
|---|---|---|---|
| 008 | 240624s9999 xx 000 0 und d | ||
| 041 | _aeng | ||
| 082 | _a332.632283 Moi | ||
| 100 | _aMOIR LANCE | ||
| 245 | _aMANAGING LIQUIDITY | ||
| 250 | _a(2nd ed.) | ||
| 260 |
_c1997 _aCambridge _bWoodhead Publishing |
||
| 300 | _a208 : p. | ||
| 365 |
_cGBP _b25 |
||
| 999 |
_c20219 _d20219 |
||